Pays fusionnés n°6 - Statistiques

Statistiques générales
  • Ce quiz a été pris 166 fois
  • Le résultat moyen est 15 sur 20
Réponses sur la Carte
Les réponses sont colorées sur une échelle allant du rouge au vert en fonction du pourcentage des utilisateurs qui les ont devinées à leur premier essai. Vous pouvez retrouver ces pourcentages ci-dessous.
 
Statistiques - réponses
Pays fusionnés % Correct
Russie
96%
Finlande
90%
Turquie
88%
Venezuela
83%
Guyana
81%
République Centrafricaine
81%
Soudan du Sud
81%
Syrie
81%
Honduras
79%
Nicaragua
78%
Bénin
76%
Chine
76%
Nigeria
75%
Afghanistan
72%
Turkménistan
72%
Birmanie
71%
Inde
68%
Kirghizistan
68%
Hongrie
61%
Slovaquie
60%
Aucun quiz correspondant
Distribution des résultats
% des personnes avec chaque résultat
Percentile par nombre de réponses
Votre historique - résultats
Vous n’avez pas pris ce quiz